1168 1575 1578 1034 1154 1972 1894 1780 1137 1421 1142 1347 1341 1272 1945 1600 1266 1347 1296 1018 1751 1879 1772 1268 1436 1451 1284 1448 1030 1592 1272 1088 1366 1382 1816 1113 1391 1212 1650 1072 1169 1666 1322 1079 1835 1327 1863 1644 1852 1892 1427 1235 1997 1981 1928 1733 1577 1552 1513 1251 1303 1454 1996 1395 1124 1514 1291 1369 1196 1935 1403 1222 1066 1879 1406 1927 1710 1875 1479 1551 1557 1154 1815 1136 1874 1136 1738 1256 1133 1384 1266 1248 1691 1680 1393 1774 1297 1799 1451 BCNSPRNW ULIB Ver.6.0+V

เปลี่ยนเป็นภาษาไทย

Change to English
 แสดงรายละเอียดบรรณานุกรม
  กลับหน้าหลัก

Brief Record : Get Marc (ISO 2709) : E-mail record : QR code < ปิดหน้าต่าง
LEADER : 00000nam 2200000uu 4500
001    13399109606
003     ULIB
008    110405s2545||||th 000 0 tha d
020    9749038428
060 04 WB541^bถ459ค 2545
100 0  ถือศีล ดิฐวัฒน์โยธิน
245 10 คุยตัว-ตัว กับครูโยคะ /^cถือศีล ดิฐวัฒน์โยธิน
250    พิมพ์ครั้งที่ 1
260    กรุงเทพฯ :^bวิริยะ,^c2545
300    168 หน้า :^bภาพประกอบ ;^c21 ซม.
591    LISC มีปี 2549 พิมพ์ครั้งที่ 12
650  7 กายบริหาร
650  7 โยคะ (กายบริหาร)
945    ^p150^l0^i016107
995    ทศพร
999 ^a ใช้งานได้ทุกระบบ
รายการนี้ยังไม่มีแท็ก
คุณยังไม่ได้ล็อกอิน คุณสามารถมีกิจกรรมร่วมกับเว็บไซต์ได้ แต่ต้องล็อกอินก่อน ::
  ล็อกอิน

รายการสื่อสารสนเทศ

ลำดับที่ ประเภท เลขเรียก/บาร์โค้ด สถานที่ สถานะ
- ไม่พบข้อมูล -

รายการใกล้เคียง
    ผู้แต่ง [ถือศีล ดิฐวัฒน์โยธิน]

    หัวเรื่อง [กายบริหาร]
    หัวเรื่อง [โยคะ (กายบริหาร)]

BibComment


ยังไม่เคยถูกคอมเมนท์

คอมเมนท์ทรัพยากรรายการนี้
  คอมเมนท์: คุยตัวตัว กับครูโ..


 Copyright 2026. Bcnsprnw @Library